CHP Genel Başkanı Deniz Baykal'ın Gençlik Kurultayı konuşması (Record no. 6711)
[ view plain ]
| 000 -BAŞLIK | |
|---|---|
| Sabit Uzunlukta Kontrol Alanı | 01309na a2200349 4500 |
| 001 - KONTROL NUMARASI | |
| Denetim Alanı | 18340 |
| 003 - KONTROL NUMARASI IDENTIFIER | |
| Denetim Alanı | MIRAKIL |
| 005 - SON İŞLEM TARİHİ VE ZAMANI | |
| Denetim Alanı | 20181213155116.0 |
| 008 - SABİT-BOY VERİ ELEMANLARI - GENEL BİLGİLER | |
| Sabit Uzunlukta Kontrol Alanı | 161116b tu 000 0 |
| 035 ## - SİSTEM KONTROL NUMARASI | |
| Sistem Kontrol Numarası | 18340 |
| 040 ## - KATALOGLAMA KAYNAK | |
| Orijinal Kataloglama Ajansı | Milas |
| Kataloglama Dili | tur |
| Metne Dönüştürmek Ajansı | TR-AnCHP |
| 041 ## - DİL KODU | |
| Metin / Ses Parça Veya Ayrı Başlığın Dil Kodu | tur |
| 082 ## - DEWEY ONLU SINIFLANDIRMA NUMARASI | |
| Sınıflandırma Numarası | CHP 324.2372030523 |
| Ürün Numarası | C36g 1996 |
| 090 ## - SINIFLAMA NUMARASI | |
| Sınıflama Numarası | CHP 324.2372030523 C36g 1996 |
| 111 ## - ANA GİRİŞ - TOPLANTI ADI | |
| Giriş Elemanı Olarak Toplantı Adı Veya Yargı Alanı Adı | CHP Gençlik Kolları Olağan Kurultayı |
| Toplantının Yeri | Ankara |
| Toplantı Veya Antlaşma İmzalandığı Tarihi | 23 Kasım 1996 |
| Bölüm / Bölüm / Toplantı Sayısı | 10. |
| 222 ## - ANAHTAR ADI | |
| Anahtar Başlık | Gençlik Kurultayı konuşması |
| 245 ## - BAŞLIK TABLOSU | |
| Başlık | CHP Genel Başkanı Deniz Baykal'ın Gençlik Kurultayı konuşması |
| Başlığın Kalan | 23 Kasım 1996 |
| Sorumluluk Tablosu, Vb | CHP |
| 246 ## - UNVAN FORM VARYING | |
| Başlık Doğru / Kısa Başlığı | CHP Gençlik Kurultayı |
| 260 ## - YAYIN, DAĞITIM, VB | |
| Yayın, Dağıtım, Vb Yeri | Ankara |
| Yayıncı, Dağıtıcı, Vs Adı | CHP |
| Yayın, Dağıtım, Vb Tarihi | 1996 |
| 300 ## - FİZİKSEL TANIM | |
| Kapsam | 46 s. |
| Boyutlar | 20 sm. |
| 490 ## - SERİSİ TABLOSU | |
| Seri Beyanı | Cumhuriyet Halk Partisi yayınları |
| 500 ## - GENEL NOT | |
| Genel Not | Dış kapakta yapıt adı : CHP Genel Başkanı Deniz Baykal'ın 10. Olağan Gençlik Kurultayı konuşması |
| 600 ## - KONU KATMA GİRİŞ - KURUMSAL ADI | |
| Kişisel Ad | Baykal, Deniz |
| Başlıklar Ve Bir Adla İlişkili Diğer Kelimeler | CHP Genel Başkanı |
| Genel Alt Bölümü | Söylev ve demeçler |
| Kronolojik Alt Bölümü | Kurultaylar, Gençlik |
| 610 ## - KONU KATMA GİRİŞ - TOPLANTI ADI | |
| Giriş Elemanı Olarak Kurumsal Ad Veya Yargı Alanı Adı | Cumhuriyet Halk Partisi |
| Genel Alt Bölüm | Kurultaylar, Gençlik |
| Kronolojik Alt Bölüm | 1996 |
| 610 ## - KONU KATMA GİRİŞ - TOPLANTI ADI | |
| Giriş Elemanı Olarak Kurumsal Ad Veya Yargı Alanı Adı | CHP |
| Genel Alt Bölüm | Sosyal gruplar |
| Kronolojik Alt Bölüm | Çözüm önerileri |
| 650 ## - KONU KATMA GİRİŞ - TOPİKAL DÖNEM | |
| Topikal Süreli Veya Coğrafi Ad Giriş Elemanı | Gençlik |
| Genel Alt Bölümü | Siyasal etkinlik |
| Coğrafi Alt Bölümü | Türkiye |
| 740 ## - KATMA GİRİŞ - KONTROLSUZ İLGİLİ / ANALİTİK BAŞLIK | |
| Kontrol Edilmeyen / İlgili Analitik Başlıktaki | CHP Gençlik Kurultayı |
| 830 ## - SERİSİ EKLENDİ GİRİŞ - ÜNİFORM ADI | |
| Üniforma Başlık | CHP yayınları |
| 942 ## - EKLENDİ GİRİŞ ELEMANLARI (KOHA) | |
| Sınıflandırma Veya Raf Düzeni Kaynak | |
| Koha Öğesi Türü | Books |
| 999 ## - SİSTEM KONTROL NUMARALARI (KOHA) | |
| Koha Biblionumber | 6711 |
| Koha Biblioitemnumber | 6711 |
| 657 ## - INDEX SÜRE - İŞLEVİ | |
| -- | CHP kurultayları |
| 657 ## - INDEX SÜRE - İŞLEVİ | |
| -- | Kurultay konuşmaları |
| Kalıcı Konum | Mevcut Konum | Edinme Tarihi | Edinim Kaynak | Toplam Check-Out'Lar | Tam Çağrı Numarası | Barkod | Tarih Son Görülme | İtibaren Geçerli Fiyatlar | Koha Öğesi Türü | Kopya Sayısı |
|---|---|---|---|---|---|---|---|---|---|---|
| CHP Kütüphanesi | CHP Kütüphanesi | 11/16/2016 | Bağış | CHP 324.2372030523 C36g 1996 | 010016 | 11/16/2016 | 11/16/2016 | Books | ||
| CHP Kütüphanesi | CHP Kütüphanesi | 11/16/2016 | Bağış | CHP 324.2372030523 C36g 1996 | 010017 | 11/16/2016 | 11/16/2016 | Books | k.2 | |
| CHP Kütüphanesi | CHP Kütüphanesi | 11/16/2016 | Bağış | CHP 324.2372030523 C36g 1996 | 010018 | 11/16/2016 | 11/16/2016 | Books | k.3 |
